• 首页
  • 本馆介绍
  • 公告通知
  • 最新文献
  • 馆藏检索
  • 电子资源
  • 读者导购
  • 参考咨询
  • 我的图书馆
  • 登录
  • 详细信息显示
  • 放入我的书架
  • 预约/预借图书
  • 作者相关作品
  • 分类相关作品
  • 丛书相关作品
  • 出版社相关作品

书目信息

  • 表格格式
  • 工作单格式
  • 卡片格式
题名:
起航
    
 
作者: 任亚 主编
分册: 下册  
出版信息: 北京   中国铁道出版社  2018.11
页数: 75页
开本: 26cm
丛书名: 抒心作文系列丛书
单 册:
中图分类: H152.1
科图分类:
主题词: 作文课--zuo wen ke--小学--教学参考资料
电子资源:
ISBN: 978-7-113-25061-4
000 01018nam 2200265 450
001 0104125603
005 20201105155040.95
010    @a978-7-113-25061-4@dCNY26.00
100    @a20190921d2018 em y0chiy50 ea
101 0  @achi
102    @aCN@b110000
105    @aa z 000yy
106    @ar
200 1  @a起航@Aqi hang@h下册@f任亚主编
210    @a北京@c中国铁道出版社@d2018.11
215    @a75页@c图@d26cm
225 2  @a抒心作文系列丛书@Ashu xin zuo wen xi lie cong shu@i启蒙篇
330    @a本书内容分为四大板块——抒心起步、抒心知识、看图讲解,抒心创作。抒心起步通过故事、成语等内容,让读者了解更多的中国文化。抒心知识则是培养素材意识,让读者感受素材真正来源于生活。看图讲解部分教会读者读图、看图、写图的方法。创作部分是读者将用自己的笔写出自己内心的声音。
461  0 @12001 @a抒心作文系列丛书
462  0 @12001 @a启蒙篇
606 0  @a作文课@Azuo wen ke@x小学@j教学参考资料
690    @aH152.1@v5
701  0 @a任亚@Aren ya@4主编
801  0 @aCN@bBJSZM@c20201104
905    @b1259216-20@dH152.1@e538:3@f5
    
    起航.下册/任亚主编.-北京:中国铁道出版社,2018.11
    75页:图;26cm.-(抒心作文系列丛书.启蒙篇)
    
    
    ISBN 978-7-113-25061-4:CNY26.00
    本书内容分为四大板块——抒心起步、抒心知识、看图讲解,抒心创作。抒心起步通过故事、成语等内容,让读者了解更多的中国文化。抒心知识则是培养素材意识,让读者感受素材真正来源于生活。看图讲解部分教会读者读图、看图、写图的方法。创作部分是读者将用自己的笔写出自己内心的声音。
●
相关链接 在E读中查询图书 在五车中查询图书 在当当中查询图书 在豆瓣中查询图书


正题名:起航     索取号:H152.1/538:3         预约/预借

序号 登录号 条形码 馆藏地/架位号 状态 备注
1 1259216   212592167   第二样本阅览室/ [索取号:H152.1/538:3] 在馆    
2 1259217   212592176   教育系资料室/ [索取号:H152.1/538:3] 在馆    
3 1259218   212592185   教育系资料室/ [索取号:H152.1/538:3] 在馆    
4 1259219   212592194   第四借阅区/ [索取号:H152.1/538:3] 在馆    
5 1259220   212592201   第四借阅区/ [索取号:H152.1/538:3] 在馆    
唐山师范学院图书馆 欢迎您!
大连网信软件有限公司© 版权所有